Synergism Of Novel Cure System For Low Temperature Vulcanisable Rubber Blend In Underwater Sensors (Record no. 75593)

MARC details
000 -LEADER
fixed length control field 00574nam a22001457a 4500
100 ## - MAIN ENTRY--AUTHOR NAME
Personal name Annadurai, P.
245 ## - TITLE STATEMENT
Title Synergism Of Novel Cure System For Low Temperature Vulcanisable Rubber Blend In Underwater Sensors
260 ## - PUBLICATION, DISTRIBUTION, ETC. (IMPRINT)
Name of publisher International Rubber Conference-rubber Con 2024: Sustainable Development In Rubber Industry-challenges And Opportunities, 5-7 December 2024, Indian Rubber Institute, Kochi, India, P. 33
Year of publication 2024
300 ## - PHYSICAL DESCRIPTION
Other physical details Abstract only
650 ## - SUBJECT ADDED ENTRY--TOPICAL TERM
Topical Term Chloroprene
650 ## - SUBJECT ADDED ENTRY--TOPICAL TERM
Topical Term Rubber blend
650 ## - SUBJECT ADDED ENTRY--TOPICAL TERM
Topical Term LTV curatives
942 ## - ADDED ENTRY ELEMENTS (KOHA)
Koha item type Journals
Holdings
Withdrawn status Lost status Damaged status Not for loan Home library Current library Date acquired Koha item type
        RRII Library RRII Library 22/09/2025 Journals